| 000 -LEADER |
| fixed length control field |
00673nam a2200217Ia 4500 |
| 001 - CONTROL NUMBER |
| control field |
3154 |
| 003 - CONTROL NUMBER IDENTIFIER |
| control field |
GE_BSU |
| 008 - FIXED-LENGTH DATA ELEMENTS--GENERAL INFORMATION |
| fixed length control field |
181216s||||||||xx |||||||||||||| ||und|| |
| 020 ## - INTERNATIONAL STANDARD BOOK NUMBER |
| International Standard Book Number |
521103712Х |
| 040 ## - CATALOGING SOURCE |
| Transcribing agency |
GE_BSU |
| 080 ## - UNIVERSAL DECIMAL CLASSIFICATION NUMBER |
| Universal Decimal Classification number |
331(075.) |
| 245 ## - TITLE STATEMENT |
| Title |
Экономика труда и социально- трудовые отношения |
| 245 ## - TITLE STATEMENT |
| Statement of responsibility, etc. |
Под. ред. Г.Г.Моликьяна, Р.П. Колосовой. |
| 260 ## - PUBLICATION, DISTRIBUTION, ETC. |
| Place of publication, distribution, etc. |
Москва |
| 260 ## - PUBLICATION, DISTRIBUTION, ETC. |
| Name of publisher, distributor, etc. |
МГУ, Черо |
| 260 ## - PUBLICATION, DISTRIBUTION, ETC. |
| Date of publication, distribution, etc. |
1996 |
| 300 ## - PHYSICAL DESCRIPTION |
| Extent |
623 ст. |
| 653 ## - INDEX TERM--UNCONTROLLED |
| Uncontrolled term |
Экономика труда и социально-трудовые отношения |
| 942 ## - ADDED ENTRY ELEMENTS (KOHA) |
| Koha item type |
წიგნი |